| 000 | 00477nam a2200181Ia 4500 | ||
|---|---|---|---|
| 001 | 7688 | ||
| 005 | 20260306160513.0 | ||
| 008 | 260306t2013||||xx |||||||||||||| ||spa|| | ||
| 041 | _aESP | ||
| 082 |
_a354.328 _bO65B |
||
| 100 |
_aMinisterio del Ambiente _eAUT |
||
| 245 | 0 | _aReglamento de supervisión directa del organismo de evaluación y fiscalización ambiental -OEFA | |
| 260 | _c2013 | ||
| 300 |
_a _c |
||
| 650 | _aGEN | ||
| 654 | _aCIA | ||
| 942 |
_cLIB _dJUS _fJUS _2ddc _n |
||
| 999 |
_c7688 _d7688 |
||